000 00800nam a2200205 i 4500
001 173464
003 ES-MaACL
005 20250819063109.0
008 091202s1967 pr |||| | spa d
080 _a860(729.5) Zeno Gandía, Manuel 7 Garduña.06
100 1 _aSoto, Venus Lidia
_9141699
245 1 0 _aDisertación sobre el arte de novelar en "Garduña" de Manuel Zeno Gandía /
_cVenus Lidia Soto ; prólogo, Margot Arce de Vázquez.
260 _aSan Juan, Puerto Rico :
_bDepartamento de Instrucción Pública,
_c1967.
300 _a112 p. ;
_c25 cm.
600 1 4 _aZeno Gandía, Manuel,
_d1855-1930
_9118184
700 1 _aArce, Margot.
_922457
710 1 _aPuerto Rico.
_bDepartamento de Instrucción Pública.
_96275
852 _aES-MaACL
_jC-56959
999 _c173464
_d173464